[Event "ipca2019"]
[Site "?"]
[Date "2019.06.30"]
[Round "3.17"]
[White "Kaydanovich, Marina"]
[Black "Pilimon, Zbigniew"]
[Result "1-0"]
[BlackElo "1670"]
[WhiteElo "1760"]
[LiveChessVersion "1.4.8"]

1. d4 {[%clk 1:30:56]} Nf6 {[%clk 1:30:43]} 2. Nf3 {[%clk 1:31:04]} e6
{[%clk 1:30:56]} 3. c4 {[%clk 1:31:25]} d5 {[%clk 1:30:26]} 4. e3
{[%clk 1:31:35]} Be7 {[%clk 1:29:35]} 5. Nbd2 {[%clk 1:31:40]} b6
{[%clk 1:29:29]} 6. Bd3 {[%clk 1:31:46]} Bb7 {[%clk 1:29:43]} 7. O-O
{[%clk 1:32:02]} Nbd7 {[%clk 1:29:27]} 8. b3 {[%clk 1:30:42]} Ne4
{[%clk 1:28:29]} 9. Bb2 {[%clk 1:30:57]} Ndf6 {[%clk 1:28:38]} 10. Ne5
{[%clk 1:29:41]} O-O {[%clk 1:27:17]} 11. f3 {[%clk 1:27:28]} Nxd2
{[%clk 1:25:43]} 12. Qxd2 {[%clk 1:27:56]} Nd7 {[%clk 1:19:49]} 13. Qc2
{[%clk 1:19:17]} h6 {[%clk 1:19:18]} 14. cxd5 {[%clk 1:15:43]} Nxe5
{[%clk 1:19:14]} 15. dxe5 {[%clk 1:16:04]} Bxd5 {[%clk 1:18:54]} 16. Rad1
{[%clk 1:14:16]} Qc8 {[%clk 1:15:32]} 17. Qe2 {[%clk 1:11:38]} c5
{[%clk 1:13:02]} 18. f4 {[%clk 1:08:22]} Qb7 {[%clk 1:05:29]} 19. e4
{[%clk 1:07:54]} Bc6 {[%clk 1:05:40]} 20. f5 {[%clk 1:04:52]} exf5
{[%clk 1:05:23]} 21. exf5 {[%clk 1:04:56]} f6 {[%clk 1:04:14]} 22. Bc4+
{[%clk 0:54:53]} Kh8 {[%clk 0:54:12]} 23. e6 {[%clk 0:49:32]} b5 {[%clk 0:51:31]}
24. Bd3 {[%clk 0:49:49]} Rad8 {[%clk 0:49:46]} 25. Bc2 {[%clk 0:50:13]} Bd5
{[%clk 0:44:38]} 26. Bc1 {[%clk 0:48:16]} Rg8 {[%clk 0:40:16]} 27. Bf4
{[%clk 0:47:41]} c4 {[%clk 0:37:15]} 28. h3 {[%clk 0:45:17]} a6 {[%clk 0:34:30]}
29. Qg4 {[%clk 0:43:24]} Qc6 {[%clk 0:26:11]} 30. Rfe1 {[%clk 0:38:36]} Qb7
{[%clk 0:10:56]} 31. Qg6 {[%clk 0:33:42]} Bc6 {[%clk 0:09:46]} 32. Qg3
{[%clk 0:27:28]} Bc5+ {[%clk 0:05:29]} 33. Kh2 {[%clk 0:27:36]} Qe7
{[%clk 0:05:25]} 34. Rxd8 {[%clk 0:21:48]} Rxd8 {[%clk 0:05:34]} 35. Rd1
{[%clk 0:22:06]} Rxd1 {[%clk 0:05:15]} 36. Bxd1 {[%clk 0:22:34]} cxb3
{[%clk 0:03:38]} 37. Qxb3 {[%clk 0:20:36]} Be4 {[%clk 0:03:01]} 38. g4
{[%clk 0:16:37]} Qb7 {[%clk 0:02:20]} 39. Kg3 {[%clk 0:15:14]} Bh1
{[%clk 0:02:15]} 40. Bf3 {[%clk 0:15:09]} Bxf3 {[%clk 0:02:23]} 41. Qxf3
{[%clk 0:15:37]} Qxf3+ {[%clk 0:02:27]} 42. Kxf3 {[%clk 0:16:05]} Kg8
{[%clk 0:02:29]} 43. Ke4 {[%clk 0:16:32]} Kf8 {[%clk 0:02:34]} 44. Kd5
{[%clk 0:16:58]} Be7 {[%clk 0:00:53]} 45. Bd6 {[%clk 0:16:19]} b4
{[%clk 0:00:47]} 46. Bxe7+ {[%clk 0:16:40]} Kxe7 {[%clk 0:01:12]} 1-0

[Event "ipca2019"]
[Site "?"]
[Date "2019.06.30"]
[Round "3.19"]
[White "Zicho, Anton"]
[Black "Pamarthi, Audietya Aazadh"]
[Result "0-1"]
[BlackElo "1346"]
[WhiteElo "1662"]
[LiveChessVersion "1.4.8"]

1. e4 {[%clk 1:30:55]} c5 {[%clk 1:30:52]} 2. Nf3 {[%clk 1:31:07]} d6
{[%clk 1:31:03]} 3. c3 {[%clk 1:30:47]} Nc6 {[%clk 1:31:20]} 4. d4
{[%clk 1:29:38]} cxd4 {[%clk 1:30:54]} 5. cxd4 {[%clk 1:29:34]} a6
{[%clk 1:29:21]} 6. Nc3 {[%clk 1:24:34]} Bg4 {[%clk 1:28:14]} 7. Be2
{[%clk 1:24:49]} Bxf3 {[%clk 1:28:27]} 8. Bxf3 {[%clk 1:24:51]} g6
{[%clk 1:28:45]} 9. O-O {[%clk 1:20:31]} Bg7 {[%clk 1:28:53]} 10. Be3
{[%clk 1:19:46]} Nf6 {[%clk 1:29:09]} 11. Rc1 {[%clk 1:17:43]} O-O
{[%clk 1:29:24]} 12. a3 {[%clk 1:16:57]} Rc8 {[%clk 1:29:42]} 13. b4
{[%clk 1:16:16]} e6 {[%clk 1:24:50]} 14. Qd2 {[%clk 1:13:54]} d5 {[%clk 1:24:17]}
15. e5 {[%clk 1:14:02]} Nd7 {[%clk 1:24:25]} 16. Be2 {[%clk 1:11:23]} Nb6
{[%clk 1:22:58]} 17. Qa2 {[%clk 1:10:19]} Ne7 {[%clk 1:22:48]} 18. f4
{[%clk 1:03:47]} Nf5 {[%clk 1:22:48]} 19. Bf2 {[%clk 1:03:40]} Qd7
{[%clk 1:23:07]} 20. Rc2 {[%clk 0:58:46]} Nc4 {[%clk 1:23:28]} 21. Rfc1
{[%clk 0:57:57]} b5 {[%clk 1:23:53]} 22. g4 {[%clk 0:55:46]} Ne7 {[%clk 1:23:58]}
23. Nd1 {[%clk 0:50:33]} f6 {[%clk 1:24:23]} 24. Qb3 {[%clk 0:49:37]} fxe5
{[%clk 1:24:38]} 25. fxe5 {[%clk 0:47:32]} g5 {[%clk 1:24:40]} 26. Ne3
{[%clk 0:46:42]} Ng6 {[%clk 1:24:45]} 27. Nxc4 dxc4 28. Qg3 {[%clk 0:42:31]} Nf4
{[%clk 1:24:56]} 29. Bf1 {[%clk 0:42:13]} h6 {[%clk 1:25:04]} 30. Rc3
{[%clk 0:40:30]} Rf7 {[%clk 1:25:26]} 31. R1c2 {[%clk 0:35:43]} Rcf8
{[%clk 1:25:37]} 32. Rf3 Nd5 33. Rxf7 {[%clk 0:32:20]} Qxf7 {[%clk 1:26:06]} 34.
Bg2 {[%clk 0:31:27]} Nf4 {[%clk 1:26:24]} 35. Be4 {[%clk 0:31:16]} Qd7
{[%clk 1:23:11]} 36. Rd2 {[%clk 0:29:57]} Bxe5 {[%clk 1:23:07]} 37. Qe3
{[%clk 0:29:40]} Bb8 {[%clk 1:22:53]} 38. Bg3 {[%clk 0:29:32]} Rd8
{[%clk 1:23:09]} 39. Qf3 {[%clk 0:28:57]} Be5 {[%clk 1:23:07]} 40. d5
{[%clk 0:28:53]} Qd6 {[%clk 1:22:38]} 41. Bf2 Nxd5 42. Bc5 {[%clk 0:27:23]} Qd7
{[%clk 1:22:31]} 43. Bb6 {[%clk 0:22:42]} Rf8 {[%clk 1:21:54]} 44. Qg2
{[%clk 0:22:29]} Bf4 {[%clk 1:22:10]} 45. Rd1 {[%clk 0:22:09]} Qc6
{[%clk 1:21:42]} 46. Bc5 {[%clk 0:22:24]} Rd8 {[%clk 1:21:58]} 47. Qf3
{[%clk 0:22:10]} Qd7 {[%clk 1:20:56]} 48. Bb6 {[%clk 0:20:39]} Rf8
{[%clk 1:20:07]} 49. h3 {[%clk 0:19:18]} Bh2+ {[%clk 1:20:23]} 0-1